| 000 | 00785nam a2200241 i 4500 | ||
|---|---|---|---|
| 001 | bgj | ||
| 245 | 1 | 0 |
_aDimensionen des Phantastichen : _bStudien zu E. T. A. Hoffmann / _cJean-Marie Paul (Hrsg.) ; Redaktion des deutschen ausgabe Michael Hofmann. |
| 260 |
_aSt. Ingbert : _bRöhrig Universitätsverlag, _c1998. |
||
| 300 |
_a225 s. ; _c21 cm. |
||
| 490 | 1 |
_aSaarbrücker Beiträge zur Literaturwissenschaft _vBd. 61 |
|
| 650 | 9 | _aLiteratura niemiecka | |
| 700 | 1 | _aPAUL, Jean-Marie. | |
| 700 | 1 | _aHOFMANN, Michael. | |
| 830 | _aSaarbrücker Beiträge zur Literaturwissenschaft | ||
| 020 | _a3861101734 | ||
| 040 | _cBPK | ||
| 041 | 0 | _ager | |
| 044 | _aDEU | ||
| 080 | _a821.112.2 | ||
| 920 | _a3-86110-173-4 | ||
| 942 | _cKS | ||
| 008 | s gw f |000 0 ger | ||
| 999 |
_c50498 _d50498 |
||
| 856 |
_uhttp://koha.tu.koszalin.pl/cgi-bin/koha/opac-detail.pl?biblionumber=50498 _yKatalog online BPK |
||